| 000 | 00377nam a22001337a 4500 | ||
|---|---|---|---|
| 008 | 230623b xxu||||| |||| 00| 0 eng d | ||
| 020 | _a043596450X | ||
| 082 |
_a330.967 _bLEY 1975 |
||
| 100 | _cColin Leys | ||
| 245 |
_aUnderdevelopment in Kenya _bThe Political Economy of Neo-Colonialism |
||
| 260 |
_bHeinemann Educational Books _c1975 |
||
| 300 | _aXVI,284p | ||
| 942 |
_2ddc _cBK |
||
| 999 |
_c2482 _d2482 |
||